000 00999nam0a2200325 i 4500
001 RU\NLR\BIBL_A\010363202
005 20240726065407.0
010 _a9785699707201
_93000
021 _aRU
_b2014-23824
_91477
035 _a(NILC)RuMoRGB-006768550
035 _a(NLR Aleph) 010363202
090 _a9585289
_c9585289
100 _a20140602d2014 u y0rusy50 ca
101 1 _arus
_cger
102 _aRU
105 _aa|||z||||||a|
200 1 _aНебо над Дарджилингом
_fНиколь Фосселер
_g[пер. с нем.О. Боченковой]
210 _aМосква
_cЭксмо
_d2014
215 _a460, [1] с.
_cил.
_d21
333 _a16+
675 _a821.112.2-31
686 1 _aШ6(4Ф)07-440.4(Лх1359.2-50)
700 1 _aФосселер
_bН.
_gНиколь
801 0 _aRU
_bRuMoRKP
_c20140327
_gRCR
801 2 _aRU
_bРГБ
_c20140409
_grcr
942 _cBOOK
980 _aNBR